000
00325 a2200133 4500
000
nam a22 7a 4500
100
_a
Acharya Chatursen
110
_a
Acharya Chatursen
245
_a
Vayam Rakshamah
250
_a
Latest edition
260
_b
Nisha publication
_c
2026
264
_b
Nisha publication
_c
2026
942
_c
BK
999
_c
395912
_d
395912